| 000 | 00511nam a2200193Ia 4500 | ||
|---|---|---|---|
| 003 | GCL | ||
| 008 | 140319s9999 xx 000 0 eng d | ||
| 040 |
_aGCL / _cGCL |
||
| 082 | 0 | 4 |
_a892.7 _bV |
| 100 | 1 | _aMOSCATI, SABATINA | |
| 245 | 1 | 0 |
_aGIORGIO L EVI DELLA VIDA / _cMOSCATI, SABATINA |
| 700 | 1 | _aGABRIELE, FRANCESCO | |
| 260 |
_a[S.N] : _bACCADEMIA NAZIONALE DEI LINCEI ، _c1987 |
||
| 300 | _a15 P | ||
| 650 | 0 | 4 | _aMANUSCRIPTS |
| 650 | 0 | 4 | _aARABIC LANGUAGE |
| 650 | 0 | 4 | _aORIENTALISTS |
| 942 |
_2ddc _cBK |
||
| 999 |
_c12490 _d12490 |
||